FC Bayern Rückennummerhistorie #19 - Statistiken

Allgemein
  • Dieses Quiz wurde 7 mal gespielt
  • Das Durchschnittsergebnis liegt bei 3 aus 8
Antwortstatistiken
Jahre Spieler % Korrekt
seit 2018/19 Alphonso Davies
100%
2013-2016 Mario Götze
71%
2017-2019 Sebastian Rudy
57%
1996-2002 Carsten Jancker
29%
1995/96 Emil Kostadinov
29%
2009/10 Alexander Baumjohann
14%
2007/08 Jan Schlaudraff
14%
2005-2007 Julio dos Santos
14%
Keine übereinstimmenden Quizze gefunden
Verteilung der Resultate
Anzahl Personen mit jedem Resultat
Perzentil nach korrekt beantworteten Fragen
Ihre Resultats-Entwicklung
Sie haben dieses Quiz noch nicht gespielt